| 000 | 00851nam a2200193Ia 4500 | ||
|---|---|---|---|
| 008 | 0000002002 sp a 0000000000spa00 | ||
| 090 | _aPSP00 H27j | ||
| 100 | 1 |
_aHernández Pijuan, Joan _d1931 |
|
| 245 | 1 | 0 |
_aJoan Hernández Pijuan _b: Detrás del ciprés está la montaña _c/ fotografías Gasull, Antoni Moragas ; traducción Lorraine Kerslake |
| 300 |
_a37 p. _c/ 27 cm. |
||
| 500 | _aExposición realizada en la Galería Soledad Lorenzo, Noviembre 20 Diciembre 21, 2002 \ Con el patronazgo del maestro venezolano Jesús Rafael Soto (q.e.p.d.) | ||
| 650 | 1 | 4 | _a PINTURA ESPAÑOLA |
| 650 | 1 | 4 | _xCATALOGOS |
| 650 | 1 | 4 | _xEXPOSICIONES |
| 650 | 1 | 4 | _aPINTORES ESPAÑOLES |
| 650 | 1 | 4 | _aPINTURA MODERNA ESPAÑOLA |
| 700 | 1 | _aGasull \ Moragas, Antoni \ Kerslake, Lorraine, tr. | |
| 999 |
_c268 _d268 |
||
| 260 |
_aMadrid : Galería Soledad Lorenzo _c2002 |
||